| 000 | 00780nac a22001931u 4500 | ||
|---|---|---|---|
| 020 | _a192899458X (pbk.) | ||
| 082 |
_a004.68 _bO932 |
||
| 090 |
_c701 _d701 |
||
| 100 | _aOuellet, Eric. | ||
| 245 |
_aBuilding a Cisco wireless LAN / _cEric Ouellet, Robert Padjen, Arthur Pfund ; Ron Fuller, technical editor ; Tim Blankenship, technical editor. |
||
| 260 |
_aLondon : _bInternational Thomson, _cc2002. |
||
| 300 |
_axxvi, 501 p. ; _c24 cm. |
||
| 500 |
_aa Includes index. _a |
||
| 650 | _aLocal area networks (Computer networks) | ||
| 700 | _aPadjen, Robert. | ||
| 700 | _aPfund, Arthur. | ||
| 942 |
_cBB _k004.68O932 |
||
| 999 |
_c701 _d701 |
||